{"text_format":"1","workbook":"xlsx","n_sheets":3,"sheets":["Sheet1","Sheet2","Sheet3"],"not_rendered":{"charts":0,"images":2,"macros":1,"external_links":0,"defined_names":0,"comments":0,"pivot_tables":0},"unopened":[],"bounds":{"document_bytes":16777216,"sheet_cells":100000,"rows_first":2000,"rows_last":500,"rows_between":2000,"halvings":0,"cell_chars":16384,"cell_head_chars":4096},"cells_cut":0,"cells_raw":0,"read":"whole","date_system":"1900"}

{"sheet":"Sheet1","index":0,"n_rows":43,"n_cols":46,"rows_kept":43,"cut":false,"hidden":false,"merged":[]}
[]
[]
[]
[]
[null,null,null,null,null,null,null,null,null,null,null,null,"REPUBLIKA E SHQIPERISE",null,null,null,null,null,null,null,null,null,null,null,null,null,null,null,null,null,null,null,null,null,"REPUBLIKA E SHQIPERISE"]
[null,null,null,null,null,null,null,null,null,null,null,null,"SHKOLLA 9- VJEÇARE ” Lush Kola” BARBULLUSH.",null,null,null,null,null,null,null,null,null,null,null,null,null,null,null,null,null,null,null,null,null,"SHKOLLA 9- VJEÇARE ” Lush Kola” BARBULLUSH."]
[]
[null,null,null,null,null,null,null,null,"ORARI I MESIMEVE SEMESTRI 2 CU     2013-2014",null,null,null,null,null,null,null,null,null,null,null,null,null,null,null,null,null,null,null,null,null,null,"ORARI I MESIMEVE CL SEMESTRI 2  2013-2014"]
["DITA","N",null,"IA",null,"IB",null,"IIA",null,"IIB",null,"IIIA",null,"IIIB",null,"IVA",null,"IVB",null,"VA",null,"VB","DITA","N",null,"VIA",null,"VIB",null,"VIIA",null,"VIIB",null,"VIIIA",null,"VIIIB",null,"IXA",null,"IXB",6,7]
["H",1,14,"ABETARE",21,"ABETARE",13,"GJUHE SHQIPE",17,"GJUHE SHQIPE",15,"GJUHE SHQIPE",22,"GJUHE SHQIPE",16,"GJUHE SHQIPE",20,"GJUHE SHQIPE",18,"GJUHE SHQIPE",19,"MATEMATIKE","H",1,25,"GJUHE AMETARE",9,"BIOLOGJI",4,"MATEMATIKE",10,"EDUKIM FIGURATIV",6,"ANGLISHT",24,"FIZIKE",8,"GJUHE AMETARE",5,"MATEMATIKE","VIIIA",null,null,1,"EDMOND","LUKAJ"]
["E",2,14,"ABETARE",21,"ABETARE",13,"MATEMATIKE",17,"MATEMATIKE",15,"MATEMATIKE",22,"MATEMATIKE",16,"MATEMATIKE",20,"MATEMATIKE",19,"MATEMATIKE",18,"GJUHE SHQIPE","E",2,5,"MATEMATIKE",25,"GJUHE AMETARE",11,"HISTORI",4,"MATEMATIKE",24,"BIOLOGJI",6,"ANGLISHT",7,"ANGLISHT",8,"GJUHE AMETARE","VIIIB","IXA",null,2,"Remzi","Çelepija"]
["N",3,14,"MATEMATIKE",21,"MATEMATIKE",13,"ED.SHOQEROR",17,"ED.SHOQEROR",15,"DITURI NATYRE",22,"DITURI NATYRE",16,"DITURI NATYRE",20,"DITURI NATYRE",7,"ANGLISHT",19,"ED.MUZIKOR","N",3,6,"ANGLISHT",5,"MATEMATIKE",25,"GJUHE AMETARE",11,"HISTORI",8,"GJUHE AMETARE",24,"INFORMATIKE",9,"BIOLOGJI","3,12","EDUKIM FIZIK","VIA","VA",null,3,"Eve","Krypca"]
["E",4,14,"ED.MUZIKOR",21,"ED.MUZIKOR",13,"ED.MUZIKOR",17,"ED.MUZIKOR",15,"ED.MUZIKOR",22,"ED.MUZIKOR",16,"ED.MUZIKOR",20,"ED.MUZIKOR",18,"VENDLINDJE",7,"ANGLISHT","E",4,9,"BIOLOGJI",6,"ANGLISHT",10,"EDUKIM MUZIKOR",25,"GJUHE AMETARE",24,"FIZIKE",8,"GJUHE AMETARE",3,"GJEOGRAFI",11,"HISTORI","VIB","VB",null,4,"Elida","Halilaj"]
[null,5,null,null,null,null,null,null,null,null,null,null,null,null,null,null,null,null,19,"ED.MUZIKOR",18,"VENDLINDJE"," ",5,1,"AFTESIM TEKNOLOGJI",2,"VJK","7,12","EDUKIM FIZIK",10,"EDUKIM MUZIKOR",24,"INFORMATIKE",9,"BIOLOGJI",11,"HISTORI",3,"GJEOGRAFI",null,null,null,5,"Enkelejda","Alia"]
[null,6,null,null,null,null,null,null,null,null,null,null,null,null,null,null,null,null,null,null,null,null,null,6,null,null,"6,12","EDUKIM FIZIK",9,"KIMI",4,"EDUKATE SHOQERORE",3,"GJEOGRAFI",10,"EDUKIM MUZIKOR",5,"VJK",7,"ANGLISHT",null,"IXB",null,6,"XHILIOLA","ZEFI"]
["M",1,14,"ABETARE",21,"ABETARE",13,"GJUHE SHQIPE",17,"GJUHE SHQIPE",15,"GJUHE SHQIPE",6,"ANGLISHT",16,"GJUHE SHQIPE",20,"GJUHE SHQIPE",18,"GJUHE SHQIPE",19,"MATEMATIKE","M",1,24,"FIZIKE",2,"VJK",25,"GJUHE AMETARE",9,"KIMI",4,"MATEMATIKE",11,"HISTORI",8,"GJUHE AMETARE","3,12","EDUKIM FIZIK","IIIB",null,null,7,"Lutila","Tukaj"]
["A",2,14,"ABETARE",21,"ABETARE",13,"GJUHE SHQIPE",17,"GJUHE SHQIPE",15,"MATEMATIKE",22,"GJUHE SHQIPE",16,"MATEMATIKE",20,"MATEMATIKE",19,"MATEMATIKE",18,"GJUHE SHQIPE","A",2,25,"GJUHE AMETARE",24,"FIZIKE",12,"EDUKIM FIGURATIV",11,"HISTORI",8,"GJUHE AMETARE",4,"MATEMATIKE",5,"MATEMATIKE",7,"ANGLISHT",null,"IXB",null,8,"Elizabete","Çuni"]
["R",3,14,"MATEMATIKE",21,"MATEMATIKE",13,"MATEMATIKE",17,"MATEMATIKE",15,"ED.SHOQEROR",22,"MATEMATIKE",16,"HISTORI",20,"HISTORI",18,"AFTESIM TEKNOLOGJIK",19,"DITURI NATYRE","R",3,12,"EDUKIM FIGURATIV",25,"GJUHE AMETARE",3,"GJEOGRAFI",4,"MATEMATIKE",6,"ANGLISHT",8,"GJUHE AMETARE",7,"ANGLISHT",9,"KIMI","VIIIA","IXA",null,9,"Fatmira","Xhepa"]
["T",4,14,"ED.FIZIK",21,"ED.FIZIK",13,"ED.FIZIK",17,"ED.FIZIK",7,"ANGLISHT",22,"ED.SHOQEROR",16,"V.J.K",20,"V.J.K",19,"DITURI NATYRE",18,"AFTESIM TEKNOLOGJIK","T",4,3,"GJEOGRAFI",5,"MATEMATIKE",11,"HISTORI",25,"GJUHE AMETARE",12,"EDUKATE SHOQERORE",6,"ANGLISHT",9,"KIMI",10,"EDUKIM MUZIKOR","VIIIB","IIIA",null,10,"Genc","Gjinaj"]
["E",5,null,null,null,null,null,null,null,null,null,null,null,null,16,"ED.FIZIK",20,"ED.FIZIK",18,"ED.FIZIK",19,"ED.FIZIK","E",5,5,"MATEMATIKE",1,"AFTESIM TEKNOLOFJIK","7,12","EDUKIM FIZIK",3,"GJEOGRAFI",11,"HISTORI",10,"EDUKIM FIGURATIV",9,"BIOLOGJI",8,"GJUHE AMETARE"," ",null,null,11,"Ardiana ","Burgija"]
[null,6,null,null,null,null,null,null,null,null,null,null,null,null,null,null,null,null,null,null,null,null,null,6,11,"EDUKATE SHOQERORE",10,"EDUKIM MUZIKOR",4,"MATEMATIKE","6,12","EDUKIM FIZIK",24,"BIOLOGJI",3,"GJEOGRAFI",5,"EDUKATE SHOQERORE",9,"BIOLOGJI",null,null,null,12,"DAVID","LLESHI"]
["M",1,14,"ABETARE",21,"ABETARE",13,"GJUHE SHQIPE",17,"GJUHE SHQIPE",15,"GJUHE SHQIPE",22,"GJUHE SHQIPE",6,"ANGLISHT",20,"GJUHE SHQIPE",18,"GJUHE SHQIPE",19,"MATEMATIKE","M",1,5,"MATEMATIKE",9,"BIOLOGJI",25,"GJUHE AMETARE",24,"INFORMATIKE",10,"EDUKIM FIGURATIV",4,"MATEMATIKE",7,"ANGLISHT",8,"GJUHE AMETARE","IVA","IXA",null,13,"Blerina","MuÇa"]
["E",2,14,"ABETARE",21,"ABETARE",13,"GJUHE SHQIPE",17,"GJUHE SHQIPE",15,"MATEMATIKE",22,"MATEMATIKE",16,"GJUHE SHQIPE",20,"MATEMATIKE",19,"MATEMATIKE",18,"GJUHE SHQIPE","E",2,9,"BIOLOGJI",5,"MATEMATIKE",24,"FIZIKE",25,"GJUHE AMETARE",4,"MATEMATIKE",3,"GJEOGRAFI",8,"GJUHE AMETARE",7,"ANGLISHT",null,"IXB",null,14,"Endrita","Sokoli"]
["R",3,14,"MATEMATIKE",21,"MATEMATIKE",13,"MATEMATIKE",17,"MATEMATIKE",15,"DITURI NATYRE",22,"DITURI NATYRE",16,"MATEMATIKE",6,"ANGLISHT",19,"V.J.K",18,"VENDLINDJE","R",3,25,"GJUHE AMETARE",3,"GJEOGRAFI",4,"MATEMATIKE",24,"FIZIKE",11,"HISTORI",12,"EDUKATE SHOQERORE",1,"FIZIKE",5,"MATEMATIKE","IVB",null,null,15,"Alma","Hysa"]
["K",4,14,"ED.FIGURATIV",21,"ED.FIGURATIV",13,"ED.FIGURATIV",17,"ED.FIGURATIV",15,"ED.FIZIK",22,"ED.FIZIK",16,"ED.FIGURATIV",20,"ED.FIGURATIV",18,"VENDLINDJE",19,"V.J.K","K",4,10,"EDUKIM MUZIKOR",25,"GJUHE AMETARE",24,"INFORMATIKE",4,"MATEMATIKE",6,"ANGLISHT","3,12","EDUKIM FIZIK",5,"MATEMATIKE",11,"HISTORI","VIIIA",null,null,16,"Gjyste","Qafnana"]
["U",5,null,null,null,null,null,null,null,null,15,"AFTESIM TEKNOLOGJIK",22,"AFTESIM TEKNOLOGJIK",16,"AFTESIM TEKNOLOGJIK",20,"AFTESIM TEKNOLOGJIK",18,"ED.FIZIK",19,"ED.FIZIK","U",5,2,"VJK",10,"EDUKIM MUZIKOR",4,"VJK",1,"AFTESIM TEKNOLOGJIK",8,"GJUHE AMETARE",6,"ANGLISHT","7,12","EDUKIM FIZIK",9,"KIMI","VIIIB",null,null,17,"Elona ","Zylja"]
["R",6,null,null,null,null,null,null,null,null,null,null,null,null,null,null,null,null,null,null,null,null,"R",6,null,null,null,null,7,"ANGLISHT","6,12","EDUKIM FIZIK",2,"VJK",8,"GJUHE AMETARE",11,"HISTORI",3,"GJEOGRAFI",null,"VIIA",null,18,"Valbona","Hysej"]
["E",1,14,"ABETARE",21,"ABETARE",13,"GJUHE SHQIPE",17,"GJUHE SHQIPE",15,"GJUHE SHQIPE",6,"ANGLISHT",16,"GJUHE SHQIPE",20,"GJUHE SHQIPE",18,"GJUHE SHQIPE",19,"DITURI NATYRE","E",1,5,"MATEMATIKE",11,"HISTORI",25,"GJUHE AMETARE",7,"ANGLISHT",24,"FIZIKE",4,"MATEMATIKE",8,"GJUHE AMETARE",3,"EDUKATE SHOQERORE","IIIB","VIIB",null,19,"Rezarta","Beci"]
["N",2,14,"MATEMATIKE",21,"MATEMATIKE",13,"GJUHE SHQIPE",17,"GJUHE SHQIPE",15,"MATEMATIKE",22,"GJUHE SHQIPE",16,"MATEMATIKE",20,"DITURI NATYRE",7,"ANGLISHT",19,"ED.FIGURATIV","N",2,10,"EDUKIM MUZIKOR",5,"MATEMATIKE",4,"MATEMATIKE",25,"GJUHE AMETARE",8,"GJUHE AMETARE","3,12","EDUKIM FIZIK",1,"FIZIKE",24,"INFORMATIKE",null,"VA",null,20,"Aida ","Isufi"]
["J",3,14,"ED.SHOQEROR",21,"ED.SHOQEROR",13,"MATEMATIKE",17,"MATEMATIKE",15,"GJUHE SHQIPE",22,"MATEMATIKE",16,"DITURI NATYRE",20,"MATEMATIKE",19,"DITURI NATYRE",18,"GJUHE SHQIPE","J",3,6,"ANGLISHT",25,"GJUHE AMETARE",3,"GJEOGRAFI",4,"MATEMATIKE","11,12","EDUKIM FIZIK",8,"GJUHE AMETARE",10,"EDUKIM MUZIKOR",9,"BIOLOGJI","VIA",null,null,21,"Arjeta","Bushati"]
["T",4,14,"ED.FIZIK",21,"ED.FIZIK",13,"ED.FIZIK",17,"ED.FIZIK",15,"ED.FIGURATIV",22,"GJUHE SHQIPE",16,"V.J.K",20,"V.J.K",18,"ED.FIGURATIV",7,"ANGLISHT","T",4,25,"GJUHE SHQIPE",12,"EDUKIM FIGURATIV",10,"EDUKIM MUZIKOR",9,"BIOLOGJI",4,"MATEMATIKE",24,"FIZIKE",5,"MATEMATIKE",8,"GJUHE AMETARE",null,"VB",null,22,"Martin","Arra"]
["E",5,null,null,null,null,null,null,null,null,15,"ED.FIZIK",22,"ED.FIZIK",16,"ED.FIZIK",20,"ED.FIZIK",null,null,null,null,"E",5,11,"HISTORI",6,"ANGLISHT",9,"BIOLOGJI",10,"EDUKIM MUZIKOR",3,"GJEOGRAFI",2,"VJK","7,12","EDUKIM FIZIK",5,"MATEMATIKE","VIB",null,null,23,"Hil","Gjoni"]
[null,6,null,null,null,null,null,null,null,null,null,null,null,null,null,null,null,null,null,null,null,null,null,6,"11,12","EDUKIM FIZIK",null,null,1,"AFTESIM TEKNOLOGJIK",4,"VJK",10,"EDUKIM MUZIKOR",9,"KIMI",3,"GJEOGRAFI",24,"FIZIKE",null,null,null,24,"Migena","Mani"]
["P",1,14,"ABETARE",21,"ABETARE",13,"GJUHE SHQIPE",17,"GJUHE SHQIPE",15,"GJUHE SHQIPE",22,"GJUHE SHQIPE",16,"GJUHE SHQIPE",6,"ANGLISHT",18,"GJUHE SHQIPE",19,"MATEMATIKE","P",1,"11,12","EDUKIM FIZIK",3,"GJEOGRAFI",7,"ANGLISHT",9,"BIOLOGJI",8,"GJUHE AMETARE",10,"EDUKIM MUZIKOR",5,"MATEMATIKE",24,"FIZIKE","IVB","VIIA",null,25,"Rozarta","Fusha"]
["R",2,14,"MATEMATIKE",21,"MATEMATIKE",13,"MATEMATIKE",17,"MATEMATIKE",15,"MATEMATIKE",22,"MATEMATIKE",6,"ANGLISHT",20,"GJUHE SHQIPE",19,"MATEMATIKE",18,"GJUHE SHQIPE","R",2,25,"GJUHE AMETARE",11,"HISTORI",12,"EDUKATE SHOQERORE",7,"ANGLISHT",4,"MATEMATIKE",8,"GJUHE AMETARE",9,"KIMI",5,"MATEMATIKE","IVA","VIIB"]
["E",3,14,"AF.TEKNOLOGJIK",21,"AF.TEKNOLOGJIK",13,"AF.TEKNOLOGJIK",17,"AF.TEKNOLOGJIK",7,"ANGLISHT",22,"ED.FIGURATIV",16,"DITURI NATYRE",20,"DITURI NATYRE",19,"V.J.K",18,"ED.SHOQEROR","E",3,11,"HISTORI",12,"EDUKATE SHOQERORE",25,"GJUHE AMETARE",24,"FIZIKE",9,"KIMI",4,"MATEMATIKE",8,"GJUHE AMETARE",10,"EDUKIM MUZIKOR"," ","IIIA",null,1,"08:00:00","08:45:00"]
["M",4,14,"V.J.K",21,"V.J.K",13,"V.J.K",17,"V.J.K",15,"V.J.K",22,"V.J.K",16,"ED.SHOQEROR",20,"ED.SHOQEROR",18,"ED.SHOQEROR",19,"V.J.K","M",4,3,"GJEOGRAFI","6,12","EDUKIM FIZIK",9,"BIOLOGJI",25,"GJUHE AMETARE",10,"EDUKIM MUZIKOR",11,"HISTORI",24,"INFORMATIKE",8,"GJUHE AMETARE"," ",null,null,2,"08:50:00","09:35:00"]
["T",5,null,null,null,null,null,null,null,null,null,null,null,null,null,null,null,null,null,null,null,null,"T",5,2,"VJK",25,"GJUHE AMETARE",24,"FIZIKE",3,"GJEOGRAFI","11,12","EDUKIM FIZIK",9,"BIOLOGJI",10,"EDUKIM MUZIKOR",5,"VJK",null,null,null,3,"09:40:00","10:25:00"]
["E",6,null,null,null,null,null,null,null,null,null,null,null,null,null,null,null,null,null,null,null,null,"E",6,null,null,null,null,null,null,null,null,null,null,null,null,null,null,null,null,null,null,null,4,"10:45:00","11:30:00"]
[null,null,null,null,null,null,null,null,null,null,null,null,null,null,null,null,null,null,null,null,null,null,null,null,null,null,null,null,null,null,null,null,null,null,null,null,null,null,null,null,null,null,null,5,"11:35:00","12:20:00"]
[null,null,null,null,null,null,null,null,null,null,null,null,"DREJTORI I SHKOLLES",null,null,null,null,null,null,null,null,null,null,null,null,null,null,null,null,null,null,null,null,null,"DREJTORI I SHKOLLES",null,null,null,null,null,null,null,null,6,"12:25:00","13:10:00"]
[]
[null,null,null,null,null,null,null,null,null,null,null,null,"Edmond LUKAJ",null,null,null,null,null,null,null,null,null,null,null,null,null,null,null,null,null,null,null,null,null,"Edmond LUKAJ"]

{"sheet":"Sheet2","index":1,"n_rows":19,"n_cols":18,"rows_kept":19,"cut":false,"hidden":false,"merged":[]}
[]
[]
[]
[]
[null,null,null,null,"E MARTE",null,"2013-04-23"]
[]
[]
[null,null,null,"VI  a",null,"VI b",null,"VII  a",null,"VII  b",null,"VIII  a",null,"VIII  b",null,"IX  a",null,"IX  b"]
[null,1,13,"Muzike",9,"Anglisht",11,"Histori",4,"Gjuhe",6,"Matem.",3,"Gjuhe","8,14","Ed.fizik",7,"Fizike"]
[null,2,9,"Anglisht",5,"Matem.",4,"Gjuhe",11,"Histori",3,"Gjuhe",7,"Fizke",6,"Matem.",8,"Anglisht"]
[null,3,5,"Matem.",4,"Gjuhe",6,"Matem.","11,14","Ed.fizik",7,"Fizike",13,"Muzike",3,"Gjuhe",12,"Ed.shoq"]
[null,4,4,"Gjuhe","12,14","Ed.fizik",9,"Anglisht",5,"Matem",13,"Muzike",6,"Matem.",12,"Ed.shoq",3,"Gjuhe"]
[null,5,5,"V.J.K",13,"Muzike","11,14","Ed.fizik",9,"Anglisht",2,"V.J.K",2,"V.J.K",7,"Fizike",6,"Matem."]
[null,6,11,"Histori",null,null,14,"Af.teknol",7,"Inform"]
[]
[]
[null,null,null,null,null,null,null,null,null,"DREJTORI I SHKOLLES"]
[]
[null,null,null,null,null,null,null,null,null,"EDMOND LUKAJ"]

{"sheet":"Sheet3","index":2,"n_rows":0,"n_cols":0,"rows_kept":0,"cut":false,"hidden":false,"merged":[]}